The Official ABMS Directory of Board Certified Medical Specialists / Volume 1 (Record no. 1496)

000 -LEADER
fixed length control field 00906nam a22002417a 4500
003 - CONTROL NUMBER IDENTIFIER
control field OSt
005 - DATE AND TIME OF LATEST TRANSACTION
control field 20210501115723.0
008 - FIXED-LENGTH DATA ELEMENTS--GENERAL INFORMATION
fixed length control field 210217s2009 ||||| |||| 00| 0 eng d
020 ## - INTERNATIONAL STANDARD BOOK NUMBER
International Standard Book Number 9781416059554
020 ## - INTERNATIONAL STANDARD BOOK NUMBER
International Standard Book Number 9996058344 (vol. 1)
020 ## - INTERNATIONAL STANDARD BOOK NUMBER
International Standard Book Number 9996058409 (vol. 2)
020 ## - INTERNATIONAL STANDARD BOOK NUMBER
International Standard Book Number 9996058468 (vol. 3)
040 ## - CATALOGING SOURCE
Original cataloging agency eng
Language of cataloging eng
Transcribing agency DLC
041 ## - LANGUAGE CODE
Language code of text/sound track or separate title eng
080 ## - UNIVERSAL DECIMAL CLASSIFICATION NUMBER
Universal Decimal Classification number 659.3
Item number O-33
245 ## - TITLE STATEMENT
Title The Official ABMS Directory of Board Certified Medical Specialists / Volume 1
Remainder of title : Allergists and Immunologists, Anesthesiologists, Colon and Rectal Surgeons, Dermatologists, Emergency Medicine Physicians, Family Physicians, Internists, Medical Geneticists, Neurological Surgeons
Statement of responsibility, etc. / by: Elsevier, Saunders
250 ## - EDITION STATEMENT
Edition statement 41st edition
260 ## - PUBLICATION, DISTRIBUTION, ETC.
Place of publication, distribution, etc. St. Louis, Miss
Name of publisher, distributor, etc. Elsevier, Saunders
Date of publication, distribution, etc. 2009
300 ## - PHYSICAL DESCRIPTION
Extent 2499 p.
650 #0 - SUBJECT ADDED ENTRY--TOPICAL TERM
9 (RLIN) 746
Topical term or geographic name entry element Information
653 ## - INDEX TERM--UNCONTROLLED
Uncontrolled term ინფორმაცია
942 ## - ADDED ENTRY ELEMENTS (KOHA)
Source of classification or shelving scheme
Koha item type Books
Edition 41
Holdings
Withdrawn status Lost status Source of classification or shelving scheme Damaged status Not for loan Permanent location Current location Date acquired Inventory number Total Checkouts Full call number Barcode Date last seen Price effective from Koha item type
          Ken Walker International University Ken Walker International University 02/17/2021 1223   659.3 O-33 1223 02/17/2021 02/17/2021 Books

Powered by Koha